Nový rozmer, nové myšlienky O protivojnovom hnutí v Nemeckej spolkovej republike

Bibliographic Details
Main Author: Bezymenskij, Lev Aleksandrovič, 1920-2007 (Author)
Format: Article
Language:Slovak
Subjects:

MARC

LEADER 00000nab a2200000 a 4500
001 vtls000090215
003 SK-MaSNL
005 20260303032233.0
008 111103c1981 xo 0 slo
015 |a SNBRB19rr/mm-uuuuu 
035 |a CL0100318 
040 |a SNKBUCL  |b slo  |c SNKBUCL  |e AACR2 
041 0 |a slo 
044 |a xo  |c SK 
080 |a 327.5  |2 1981 
100 1 |a Bezymenskij, Lev Aleksandrovič,  |d 1920-2007  |4 aut  |9 206152 
245 1 0 |a Nový rozmer, nové myšlienky  |b O protivojnovom hnutí v Nemeckej spolkovej republike  |c Lev Bezymenskij 
650 0 7 |a Spolková republika Nemecko  |2 snkbucl  |9 514854 
655 7 |a články z novín a časopisov  |2 snkbucl  |9 267496 
773 0 |t Pravda  |g Roč. 62, č. 179 (31. 7. 1981), s. 6 
850 |a Slovenská národná knižnica v Martine  |a MTA001 
852 |a SNK  |b KIS3GCP 
958 |a RK 
992 |a RBX 
999 |c 1663155  |d 1665085